| 000 | 00437nam a22001697a 4500 | ||
|---|---|---|---|
| 003 | OSt | ||
| 008 | 250403b |||||||| |||| 00| 0 eng d | ||
| 020 | _a9789364555647 | ||
| 082 | _a343.052 SIS | ||
| 100 | _aSINGHANIA, Vinod K. | ||
| 245 | _aStudents' Guide to GST & Customs Law | ||
| 250 | _a13th. ed. | ||
| 260 |
_aNew Delhi, _bTaxmann's Publications Pvt. Ltd. _c2025, |
||
| 300 | _a331 p. | ||
| 650 | _aCommerce | ||
| 942 |
_2ddc _cBK |
||
| 999 |
_c13245 _d13245 |
||